Faktory regionálnej konkurencieschopnosti dizertačná práca

Salvato in:
Dettagli Bibliografici
Autore principale: Vagaská, Jaroslava
Ente Autore: Podnikovohospodárska fakulta EU so sídlom v Košiciach. Katedra ekonómie
Altri autori: Farkašovská, Mária
Natura: Libro
Lingua:slovacco
Pubblicazione: Košice 2011
Soggetti:
Tags: Aggiungi Tag
Nessun Tag, puoi essere il primo ad aggiungerne!!

MARC

LEADER 00000nbm a2200000 4500
001 0148481
005 20240827090408.3
041 0 |a slo 
044 |a SK 
245 1 0 |a Faktory regionálnej konkurencieschopnosti  |b dizertačná práca  |c Jaroslava Vagaská ; školiteľ: Mária Farkašovská 
264 1 |a Košice  |c 2011 
300 |a 135 s. 
610 2 0 |a konkurencieschopnosť 
610 2 0 |a konkurencia 
610 2 0 |a regióny 
610 2 0 |a politika regionálna 
100 1 |a Vagaská, Jaroslava 
700 1 |a Farkašovská, Mária 
710 2 |a Podnikovohospodárska fakulta EU so sídlom v Košiciach. Katedra ekonómie